000
00338nam a2200145Ia 4500
999
_c
10465
_d
10465
003
OSt
005
20220322141820.0
008
220318s9999 xx 000 0 und d
020
_a
9780367442583
082
_a
720
_b
UNW
100
_a
Unwin
245
0
_a
Shadow The Architectural Power Of Withholding Light
260
_b
CRC
942
_2
ddc